| 000 | 00617nam a2200205Ia 4500 | ||
|---|---|---|---|
| 005 | 20250923150016.0 | ||
| 008 | 008 250917s9999 xx 000 0 eng d | ||
| 037 | _aTextual | ||
| 040 |
_aDSWL _beng _cDSWL |
||
| 041 |
_aeng _2eng |
||
| 084 |
_aYX,zT;7x2, N97 _qDSWL |
||
| 245 | 0 |
_aRehabilitation policy and law in India : A right to livlihood _c Ed.by W. Fernandes |
|
| 260 |
_aNew Delhi _bIndian Social Institute _c1997 |
||
| 300 | _ax,559 p. | ||
| 365 |
_aINR _b400.00 |
||
| 700 |
_a V. Paranjpye _9841250 |
||
| 925 | _g400.00 | ||
| 942 |
_cTEXL _hYX,zT;7x2, N97 |
||
| 999 |
_c1458454 _d1458454 |
||